[Event "CCT Play-in Chessable Masters 2024"]
[Site "Online"]
[Date "2024.01.31"]
[Round "6"]
[White "Karthik Venkataraman"]
[Black "js20000"]
[Result "0-1"]
[WhiteElo "2609"]
[BlackElo "2481"]
[Annotator "NA"]
[PlyCount "92"]
[EventDate "2024.01.26"]
[EventType "swiss"]
[EventCountry "NET"]
[SourceTitle "playchess.com"]
[Source "ChessBase"]
[SourceQuality "1"]

1. d4 d5 2. c4 e6 3. Nf3 Nf6 4. Nc3 h6 5. Bf4 Bd6 6. Bxd6 Qxd6 7. e3 O-O 8. Be2 c6 9. Nd2 Nbd7 10. c5 Qe7 11. f4 b6 12. b4 a5 13. a3 axb4 14. axb4 Bb7 15. O-O Rxa1 16. Qxa1 Ra8 17. Qb2 Qd8 18. Ra1 Qb8 19. Ra3 g5 20. g3 gxf4 21. exf4 Kg7 22. Qa1 Rxa3 23. Qxa3 h5 24. Nf3 Ng4 25. Nd1 bxc5 26. bxc5 Bc8 27. Bd3 f6 28. h3 Nh6 29. Qa4 Qc7 30. Qb4 e5 31. fxe5 fxe5 32. dxe5 Nxe5 33. Qd4 Nhf7 34. Nf2 Qe7 35. Be2 Qf6 36. Nxe5 Nxe5 37. Qb4 Qg5 38. Kg2 Qe3 39. Bxh5 Qxf2+ 40. Kxf2 Nd3+ 41. Ke3 Nxb4 42. h4 Kf6 43. Kd4 Nc2+ 44. Kc3 Bf5 45. Be8 d4+ 46. Kd2 Nb4 0-1

[Event "CCT Play-in Chessable Masters 2024"]
[Site "Online"]
[Date "2024.01.31"]
[Round "6"]
[White "Salgado Lopez, Ivan"]
[Black "messiboca"]
[Result "1-0"]
[WhiteElo "2608"]
[BlackElo "2544"]
[Annotator "RC"]
[PlyCount "77"]
[EventDate "2024.01.26"]
[EventType "swiss"]
[EventCountry "NET"]
[SourceTitle "playchess.com"]
[Source "ChessBase"]
[SourceQuality "1"]

1. e4 e5 2. Nf3 Nc6 3. Bc4 Bc5 4. d3 Nf6 5. Be3 Bb6 6. O-O d6 7. a4 Be6 8. Bxe6 fxe6 9. Nbd2 O-O 10. c3 Ng4 11. Bxb6 axb6 12. b4 Kh8 13. g3 Qf6 14. Kg2 Rf7 15. h3 Nh6 16. Qe2 Raf8 17. a5 bxa5 18. bxa5 Ra8 19. Nc4 Raf8 20. Nh2 d5 21. Ne3 d4 22. Neg4 Nxg4 23. Nxg4 Qg5 24. c4 Nb4 25. h4 Qh5 26. f3 c5 27. Qd2 h6 28. a6 bxa6 29. Ra5 Qxg4 30. fxg4 Rxf1 31. g5 hxg5 32. hxg5 R1f3 33. g6 Kg8 34. Qg5 Rf1 35. Rxc5 Nc2 36. Rc8 Ne3+ 37. Kh2 Rxc8 38. Qh5 Ng4+ 39. Qxg4 1-0

[Event "CCT Play-in Chessable Masters 2024"]
[Site "Online"]
[Date "2024.01.31"]
[Round "6"]
[White "Antipov, Mikhail Al."]
[Black "KantorGergely"]
[Result "1-0"]
[WhiteElo "2604"]
[BlackElo "2541"]
[Annotator "RC"]
[PlyCount "69"]
[EventDate "2024.01.26"]
[EventType "swiss"]
[EventCountry "NET"]
[SourceTitle "playchess.com"]
[Source "ChessBase"]
[SourceQuality "1"]

1. e4 e5 2. Nf3 Nc6 3. Nc3 Nf6 4. h3 Bb4 5. Bd3 d6 6. O-O a6 7. Ne2 d5 8. exd5 Qxd5 9. a3 Bc5 10. b4 Ba7 11. Nc3 Qd6 12. b5 Nd4 13. Nxe5 axb5 14. Nxb5 Nxb5 15. Bxb5+ c6 16. Bd3 O-O 17. Bb2 Re8 18. Re1 Be6 19. Qf3 Bd4 20. Bxd4 Qxd4 21. Qe3 Qd6 22. a4 Bd5 23. Qg3 Re7 24. Re3 Qb4 25. c3 Qb2 26. Rae1 Qxd2 27. R3e2 Nh5 28. Qh4 Rxe5 29. Rxe5 Nf6 30. Qd4 Qa2 31. g4 h6 32. h4 Qxa4 33. Qxa4 Rxa4 34. Re8+ Nxe8 35. Rxe8# 1-0

[Event "CCT Play-in Chessable Masters 2024"]
[Site "Online"]
[Date "2024.01.31"]
[Round "6"]
[White "Iturrizaga Bonelli, Eduardo"]
[Black "Fier, Alexandr"]
[Result "1-0"]
[WhiteElo "2600"]
[BlackElo "2549"]
[Annotator "RC"]
[PlyCount "105"]
[EventDate "2024.01.26"]
[EventType "swiss"]
[EventCountry "NET"]
[SourceTitle "playchess.com"]
[Source "ChessBase"]
[SourceQuality "1"]

1. c4 Nf6 2. g3 g6 3. Bg2 Bg7 4. Nc3 O-O 5. d4 d6 6. Nf3 Nc6 7. O-O e5 8. dxe5 dxe5 9. Bg5 h6 10. Qxd8 Rxd8 11. Bxf6 Bxf6 12. Nd5 Kg7 13. Nxc7 Rb8 14. e4 Be7 15. h3 Bc5 16. Nd5 a5 17. b3 Be6 18. Rfd1 f6 19. Rd2 Nd4 20. Nxd4 Bxd4 21. Rad1 Rdc8 22. a4 Bxd5 23. exd5 b6 24. h4 Rd8 25. Bh3 Kf7 26. Rxd4 exd4 27. Rxd4 Rd6 28. Be6+ Ke7 29. h5 g5 30. Kg2 Rf8 31. Bf5 Kd8 32. Kf3 Re8 33. Re4 Rxe4 34. Kxe4 Ke7 35. Be6 Kf8 36. Kd4 Rd8 37. f4 gxf4 38. gxf4 Ke7 39. Ke4 Kf8 40. Kd3 Ke7 41. Kd4 Ke8 42. Kc3 Ke7 43. Kd3 Ke8 44. Kd4 Ke7 45. c5 bxc5+ 46. Kxc5 Rb8 47. f5 Rb4 48. d6+ Kd8 49. Bc4 Ke8 50. Kc6 Kd8 51. Kd5 Rb7 52. Ke6 Rb6 53. Bb5 1-0

[Event "CCT Play-in Chessable Masters 2024"]
[Site "Online"]
[Date "2024.01.31"]
[Round "6"]
[White "Yoo, Christopher Woojin"]
[Black "Mamedov, Rauf"]
[Result "0-1"]
[WhiteElo "2595"]
[BlackElo "2651"]
[Annotator "TA"]
[PlyCount "106"]
[EventDate "2024.01.26"]
[EventType "swiss"]
[EventCountry "NET"]
[SourceTitle "playchess.com"]
[Source "ChessBase"]
[SourceQuality "1"]

1. e4 c5 2. Nf3 d6 3. d4 cxd4 4. Nxd4 Nf6 5. Nc3 g6 6. Be3 Bg7 7. Qd2 Ng4 8. Bg5 Nc6 9. Nb3 Be6 10. Be2 Nge5 11. Nd5 O-O 12. O-O Re8 13. c3 Nd7 14. Rad1 Rc8 15. Qe3 a6 16. Nd2 b5 17. a4 bxa4 18. Bxa6 Rb8 19. Nc4 Nde5 20. Nxd6 Qxd6 21. Nxe7+ Qxe7 22. Bxe7 Nxe7 23. Rd4 Bb3 24. Qe2 g5 25. Bb5 Rec8 26. Ra1 N7g6 27. g3 g4 28. Kh1 h5 29. Bxa4 Bc4 30. Qc2 Be6 31. Rad1 h4 32. Rd6 h3 33. b4 Bf8 34. Rxe6 fxe6 35. Bb3 Rb6 36. Qd2 Rc7 37. Qe3 Rbc6 38. b5 Rxc3 39. Bxe6+ Kg7 40. b6 Rxe3 41. bxc7 Rc3 42. c8=Q Rxc8 43. Bxc8 Bc5 44. Kg1 Nf3+ 45. Kh1 Nge5 46. Rd5 Bxf2 47. Bf5 Be3 48. Be6 Bd4 49. Bf5 Nd3 50. Rd7+ Kf8 51. Rd8+ Ke7 52. Rd7+ Ke8 53. Rxd4 Nf2# 0-1

[Event "CCT Play-in Chessable Masters 2024"]
[Site "Online"]
[Date "2024.01.31"]
[Round "6"]
[White "vugarrasulov"]
[Black "Fressinet, Laurent"]
[Result "0-1"]
[WhiteElo "2595"]
[BlackElo "2637"]
[Annotator "RC"]
[PlyCount "72"]
[EventDate "2024.01.26"]
[EventType "swiss"]
[EventCountry "NET"]
[SourceTitle "playchess.com"]
[Source "ChessBase"]
[SourceQuality "1"]

1. e4 e5 2. Nf3 Nc6 3. Bb5 Nf6 4. d3 Bc5 5. Bxc6 dxc6 6. O-O Bd6 7. Bg5 h6 8. Bh4 g5 9. Bg3 Be6 10. Nc3 Nd7 11. d4 f6 12. Qd3 Qe7 13. Rad1 O-O-O 14. d5 cxd5 15. exd5 Bf7 16. Rfe1 Bh5 17. Nb5 Kb8 18. c4 Qh7 19. Qc3 Bxf3 20. Qxf3 h5 21. h4 Rhg8 22. Nxd6 cxd6 23. Qa3 Qe7 24. hxg5 Rxg5 25. b4 Rdg8 26. Re4 f5 27. Rh4 f4 28. c5 fxg3 29. f3 e4 30. Rxe4 Re5 31. Rde1 Qh4 32. Qe3 Qh2+ 33. Kf1 Qh1+ 34. Ke2 Qxg2+ 35. Kd3 Qxa2 36. cxd6 Qb3+ 0-1

[Event "CCT Play-in Chessable Masters 2024"]
[Site "Online"]
[Date "2024.01.31"]
[Round "6"]
[White "Neiksans, Arturs"]
[Black "Dreev, Aleksey"]
[Result "0-1"]
[WhiteElo "2588"]
[BlackElo "2606"]
[Annotator "RC"]
[PlyCount "78"]
[EventDate "2024.01.26"]
[EventType "swiss"]
[EventCountry "NET"]
[SourceTitle "playchess.com"]
[Source "ChessBase"]
[SourceQuality "1"]

1. e4 c5 2. Nf3 e6 3. g3 d5 4. exd5 exd5 5. d4 Nc6 6. Bg2 Bg4 7. O-O Nxd4 8. Qe1+ Be7 9. Nxd4 cxd4 10. Qe5 Nf6 11. Re1 d3 12. cxd3 Be6 13. Nc3 O-O 14. Bf4 Ng4 15. Qc7 Qxc7 16. Bxc7 Bc5 17. Re2 Rac8 18. Bf4 Rfd8 19. h3 Nxf2 20. Rxf2 Bxf2+ 21. Kxf2 d4 22. Ne2 Rc2 23. b4 Bf5 24. Rd1 Rxa2 25. g4 Re8 26. Bf3 Bd7 27. Rd2 Ra4 28. Rb2 Ra3 29. Be4 Bc6 30. Bxc6 bxc6 31. Nxd4 Rxd3 32. Nxc6 Re4 33. Bb8 a6 34. Ra2 h6 35. Rxa6 Rc4 36. Ke2 Rxh3 37. Ne7+ Kh7 38. Nd5 Rc2+ 39. Kd1 Rg2 0-1

[Event "CCT Play-in Chessable Masters 2024"]
[Site "Online"]
[Date "2024.01.31"]
[Round "6"]
[White "Nesterov, Arseniy"]
[Black "Cardoso Cardoso, Jose Gabriel"]
[Result "0-1"]
[WhiteElo "2584"]
[BlackElo "2477"]
[Annotator "RC"]
[PlyCount "106"]
[EventDate "2024.01.26"]
[EventType "swiss"]
[EventCountry "NET"]
[SourceTitle "playchess.com"]
[Source "ChessBase"]
[SourceQuality "1"]

1. d4 Nf6 2. c4 e6 3. Nf3 b6 4. g3 Ba6 5. b3 Bb4+ 6. Bd2 Be7 7. Nc3 d5 8. Bg2 O-O 9. cxd5 exd5 10. Rc1 Bb7 11. O-O c5 12. Bg5 Nbd7 13. Ne5 cxd4 14. Nxd7 Qxd7 15. Qxd4 h6 16. Bxf6 Bxf6 17. Qd3 Rad8 18. Rfd1 d4 19. Bxb7 Qxb7 20. Ne4 Be5 21. Rc2 Rd7 22. Rdc1 Re8 23. Nd2 g6 24. Nf3 Bg7 25. h4 Qd5 26. Rc8 Rxc8 27. Rxc8+ Kh7 28. Kf1 Re7 29. Qc2 Rd7 30. Qd3 Bf6 31. a4 Kg7 32. Rc2 Qe6 33. Kg2 Qd5 34. Rd2 Qe6 35. Rd1 Rd8 36. h5 g5 37. Qc4 Qe4 38. Qd3 Qg4 39. Rc1 Qxh5 40. Rc7 Qg4 41. Rxa7 Rc8 42. Nh2 Qe6 43. b4 Rc3 44. Qb5 Rc2 45. Qd3 Rxe2 46. Nf3 Rb2 47. a5 Qd5 48. g4 Rb3 49. Qf5 Qxf5 50. gxf5 Rxb4 51. a6 Ra4 52. Nd2 d3 53. Ne4 Rxe4 0-1

[Event "CCT Play-in Chessable Masters 2024"]
[Site "Online"]
[Date "2024.01.31"]
[Round "6"]
[White "GMBenjaminBok"]
[Black "HansOnTwitch"]
[Result "1-0"]
[WhiteElo "2583"]
[BlackElo "2709"]
[Annotator "TA"]
[PlyCount "133"]
[EventDate "2024.01.26"]
[EventType "swiss"]
[EventCountry "NET"]
[SourceTitle "playchess.com"]
[Source "ChessBase"]
[SourceQuality "1"]

1. d4 Nf6 2. c4 e6 3. Nc3 Bb4 4. Qc2 d6 5. e3 O-O 6. Bd3 d5 7. Nge2 b6 8. O-O Bb7 9. cxd5 exd5 10. a3 Be7 11. Ng3 Re8 12. b4 Nbd7 13. Bb2 Bf8 14. b5 h5 15. h3 g6 16. Rae1 h4 17. Nge2 Bd6 18. Bc1 Nf8 19. f3 Ne6 20. Kh1 Nh5 21. Qb3 Qg5 22. f4 Qd8 23. Nxd5 Neg7 24. e4 Bf8 25. Ndc3 Ne6 26. Bc4 Kh7 27. d5 Nc5 28. Qc2 Bc8 29. Be3 Ng3+ 30. Nxg3 hxg3 31. d6 Bxd6 32. Bxf7 Rf8 33. Bd5 Rb8 34. Rd1 Qh4 35. e5 Bf5 36. Qe2 Be7 37. Bxc5 Bxc5 38. Ne4 Be7 39. Kg1 Rbd8 40. Qe3 Kg7 41. Qxg3 Rxd5 42. Qxh4 Bxh4 43. Rxd5 Bxe4 44. Rd7+ Rf7 45. Rfd1 Bf5 46. Rxf7+ Kxf7 47. g4 Be6 48. Kg2 Be7 49. a4 Bb3 50. Rd7 Bxa4 51. Rxc7 Bxb5 52. f5 gxf5 53. gxf5 Ke8 54. f6 Bd8 55. Rxa7 Bc4 56. Kg3 b5 57. Rb7 Ba5 58. h4 Bc3 59. Kf4 b4 60. Kf5 Bd5 61. Rb5 Bc4 62. Rb7 Bd5 63. Rb6 b3 64. e6 Kd8 65. Rd6+ Kc7 66. Rxd5 Kc6 67. Rd1 1-0

[Event "CCT Play-in Chessable Masters 2024"]
[Site "Online"]
[Date "2024.01.31"]
[Round "6"]
[White "bardiya_Daneshvar"]
[Black "LevonAronian"]
[Result "0-1"]
[WhiteElo "2579"]
[BlackElo "2711"]
[Annotator "TA"]
[PlyCount "142"]
[EventDate "2024.01.26"]
[EventType "swiss"]
[EventCountry "NET"]
[SourceTitle "playchess.com"]
[Source "ChessBase"]
[SourceQuality "1"]

1. c4 Nf6 2. Nc3 e5 3. Nf3 e4 4. Ng5 c6 5. Qa4 b5 6. Qc2 bxc4 7. Ngxe4 Na6 8. Nxf6+ Qxf6 9. Qe4+ Qe6 10. Qxe6+ fxe6 11. b3 cxb3 12. axb3 Nc5 13. Rb1 Rb8 14. b4 Na6 15. b5 cxb5 16. Rxb5 Rb6 17. e3 Bb7 18. Rxb6 axb6 19. Na4 Bb4 20. Nxb6 Nc5 21. f3 Nb3 22. Bb2 Nxd2 23. Kf2 Rf8 24. Bb5 Ke7 25. Rd1 Rf5 26. Bd3 Ra5 27. Bxg7 Ra2 28. Ra1 Ne4+ 29. Kg1 Rxa1+ 30. Bxa1 Nc5 31. Bc2 d5 32. Kf2 Bc6 33. Be5 Ba5 34. Nc8+ Kd7 35. Nd6 Ba4 36. Bxh7 Ke7 37. g4 Nd7 38. Bg3 Bb4 39. Nc8+ Kd8 40. Nd6 Ke7 41. Nc8+ Kd8 42. Bd6 Ba5 43. Ne7 Nf6 44. Bb1 Kd7 45. Ba3 e5 46. Ng6 e4 47. g5 Nh5 48. f4 Ke6 49. Ba2 Bb6 50. Bc1 Bb5 51. Kg2 Bc4 52. Ne5 Bxa2 53. h4 Ng7 54. Ng4 Bb3 55. Nf6 Bd1 56. Kf2 Bd8 57. Bb2 Bxf6 58. Bxf6 Nf5 59. Bd8 Bh5 60. Bb6 Nxh4 61. Ke1 Nf5 62. Kd2 Kd6 63. Kc3 Kc6 64. Ba7 Kb5 65. Kb3 Bg6 66. Kc3 Bf7 67. Kb3 d4+ 68. Kc2 dxe3 69. Kc3 e2 70. Kd2 Bh5 71. Ke1 Kc4 0-1

[Event "CCT Play-in Chessable Masters 2024"]
[Site "Online"]
[Date "2024.01.31"]
[Round "6"]
[White "Bachmann, Axel"]
[Black "Safarli, Eltaj"]
[Result "0-1"]
[WhiteElo "2578"]
[BlackElo "2604"]
[Annotator "RC"]
[PlyCount "84"]
[EventDate "2024.01.26"]
[EventType "swiss"]
[EventCountry "NET"]
[SourceTitle "playchess.com"]
[Source "ChessBase"]
[SourceQuality "1"]

1. e4 c5 2. b3 g6 3. Bb2 Nf6 4. e5 Nd5 5. Qf3 Nb4 6. Bc4 e6 7. Na3 Bg7 8. Qg3 d5 9. Be2 N8c6 10. Nf3 Ne7 11. O-O Nf5 12. Qg5 Qxg5 13. Nxg5 a6 14. f4 Bd7 15. c3 Nc6 16. g4 Nh4 17. Nc2 f6 18. exf6 Bxf6 19. Ba3 b6 20. Nf3 O-O 21. Nxh4 Bxh4 22. g5 h6 23. gxh6 Be7 24. Bg4 Bd6 25. d4 Rxf4 26. Rxf4 Bxf4 27. dxc5 Ne5 28. Be2 bxc5 29. Bxc5 Bxh6 30. b4 Bb5 31. Bd4 Nc6 32. Bg4 Re8 33. Re1 e5 34. Bd7 Nxd4 35. Bxe8 Nf3+ 36. Kf2 Nxe1 37. Bxb5 Nxc2 38. Bxa6 Bd2 39. Bb7 Bxc3 40. Bxd5+ Kg7 41. b5 Na3 42. b6 Bd4+ 0-1

[Event "CCT Play-in Chessable Masters 2024"]
[Site "Online"]
[Date "2024.01.31"]
[Round "6"]
[White "Prohaszka, Peter"]
[Black "frederiksvane"]
[Result "1/2-1/2"]
[WhiteElo "2578"]
[BlackElo "2594"]
[Annotator "RC"]
[PlyCount "88"]
[EventDate "2024.01.26"]
[EventType "swiss"]
[EventCountry "NET"]
[SourceTitle "playchess.com"]
[Source "ChessBase"]
[SourceQuality "1"]

1. d4 Nf6 2. Nf3 e6 3. c3 Be7 4. Bf4 O-O 5. h3 c5 6. e3 d5 7. Nbd2 Bd6 8. Bd3 b6 9. Qe2 Bb7 10. a4 Bxf4 11. exf4 Nc6 12. Qe3 Qd6 13. O-O a5 14. Rfe1 Ba6 15. Bc2 g6 16. Nb3 Rab8 17. Ne5 cxd4 18. Nxd4 Nxd4 19. Qxd4 Qc5 20. Rad1 Rfc8 21. Nf3 Nd7 22. g4 Qxd4 23. Nxd4 Re8 24. f5 exf5 25. gxf5 Kg7 26. fxg6 hxg6 27. Nc6 Rxe1+ 28. Rxe1 Rh8 29. Re7 Nc5 30. f4 Kf6 31. Ra7 Bd3 32. Bxd3 Nxd3 33. Rb7 Nxf4 34. Rxb6 Kg5 35. b4 axb4 36. cxb4 Rxh3 37. a5 Ra3 38. Kf2 Kg4 39. Ne5+ Kf5 40. Nxf7 g5 41. Nd6+ Ke5 42. Nf7+ Kf5 43. Nd6+ Ke5 44. Nf7+ Kf5 1/2-1/2

[Event "CCT Play-in Chessable Masters 2024"]
[Site "Online"]
[Date "2024.01.31"]
[Round "6"]
[White "Akobian, Varuzhan"]
[Black "Vasquez Schroeder, Rodrigo"]
[Result "0-1"]
[WhiteElo "2571"]
[BlackElo "2475"]
[Annotator "RC"]
[PlyCount "86"]
[EventDate "2024.01.26"]
[EventType "swiss"]
[EventCountry "NET"]
[SourceTitle "playchess.com"]
[Source "ChessBase"]
[SourceQuality "1"]

1. d4 Nf6 2. c4 e6 3. Nf3 c5 4. d5 d6 5. Nc3 exd5 6. cxd5 g6 7. Bf4 Bg7 8. h3 O-O 9. e3 Na6 10. Be2 Nc7 11. O-O a6 12. a4 Rb8 13. a5 b5 14. axb6 Rxb6 15. Ra2 Nfxd5 16. Nxd5 Nxd5 17. Bg5 Qc7 18. Qc1 Nb4 19. Ra3 Be6 20. b3 h6 21. Bh4 Rfb8 22. Bg3 Nd5 23. Bxa6 Nc3 24. Re1 Rxb3 25. Rxb3 Rxb3 26. Nd2 Rb6 27. Bc4 Qe7 28. Qa3 d5 29. Bf1 Rb2 30. Nf3 Ne4 31. Be5 Bxe5 32. Nxe5 Rxf2 33. Bd3 Rxg2+ 34. Kxg2 Qg5+ 35. Ng4 Bxg4 36. Bxe4 Bf5+ 37. Kf2 Bxe4 38. Rg1 Qf6+ 39. Ke1 Qh4+ 40. Ke2 Qxh3 41. Rf1 d4 42. Rf2 c4 43. Rxf7 Bd3+ 0-1

[Event "CCT Play-in Chessable Masters 2024"]
[Site "Online"]
[Date "2024.01.31"]
[Round "6"]
[White "Sanal, Vahap"]
[Black "GeorgMeier"]
[Result "0-1"]
[WhiteElo "2567"]
[BlackElo "2674"]
[Annotator "RC"]
[PlyCount "160"]
[EventDate "2024.01.26"]
[EventType "swiss"]
[EventCountry "NET"]
[SourceTitle "playchess.com"]
[Source "ChessBase"]
[SourceQuality "1"]

1. e4 e6 2. d4 d5 3. Nc3 dxe4 4. Nxe4 Nd7 5. Nf3 Ngf6 6. Nxf6+ Nxf6 7. Be3 Bd6 8. Bd3 O-O 9. O-O b6 10. h3 Bb7 11. Qe2 c5 12. Rad1 Qc7 13. c3 h6 14. Rfe1 Rfd8 15. Bb1 Bd5 16. c4 Bb7 17. b3 Rac8 18. dxc5 Bxc5 19. Bc1 Qg3 20. Kf1 Qc7 21. Bb2 Bb4 22. Rxd8+ Rxd8 23. Rd1 Rxd1+ 24. Qxd1 Bc5 25. Ne5 Kf8 26. Qd2 a5 27. Bc2 Bd6 28. Qd4 Bc5 29. Qd2 Qd6 30. Qxd6+ Bxd6 31. g4 Ke7 32. f4 g5 33. f5 Ne4 34. fxe6 Kxe6 35. Nf3 Bf8 36. Nd4+ Kd7 37. Nf5 Nd6 38. Kf2 Nxf5 39. Bxf5+ Kc7 40. Be5+ Kd8 41. Kg3 Bc6 42. h4 Be7 43. h5 Bf8 44. Kf2 Be8 45. Ke2 Bc6 46. Kd3 Be8 47. Ke3 Bc6 48. Kd3 Be8 49. Kc3 Bc6 50. Bf6+ Kc7 51. Kd3 Be8 52. a3 Bc6 53. b4 Be8 54. Kc3 Bc6 55. Be5+ Kd8 56. Kb3 Be8 57. bxa5 bxa5 58. Bd4 a4+ 59. Kb2 Bd7 60. Bxd7 Kxd7 61. Kc3 Ke6 62. Kd3 Bxa3 63. Bg7 Bc5 64. Kc3 f5 65. gxf5+ Kxf5 66. Bxh6 g4 67. Kd3 a3 68. Bg7 a2 69. Ke2 Kg5 70. h6 Kg6 71. Kf1 Bf8 72. Ba1 Bxh6 73. c5 Bg7 74. c6 Bxa1 75. c7 Be5 76. c8=Q a1=Q+ 77. Ke2 Qb2+ 78. Kf1 Qb1+ 79. Ke2 Qe4+ 80. Kf1 Qf5+ 0-1

[Event "CCT Play-in Chessable Masters 2024"]
[Site "Online"]
[Date "2024.01.31"]
[Round "6"]
[White "Nasuta, Grzegorz"]
[Black "Gabrielian, Artur"]
[Result "1-0"]
[WhiteElo "2563"]
[BlackElo "2442"]
[Annotator "RC"]
[PlyCount "53"]
[EventDate "2024.01.26"]
[EventType "swiss"]
[EventCountry "NET"]
[SourceTitle "playchess.com"]
[Source "ChessBase"]
[SourceQuality "1"]

1. e4 c5 2. Nf3 d6 3. d4 cxd4 4. Nxd4 Nf6 5. Nc3 Nc6 6. f3 e5 7. Nb3 Be7 8. Be3 O-O 9. Qd2 Be6 10. O-O-O a5 11. Bb5 Nb4 12. a3 Qc7 13. Qf2 Bxb3 14. cxb3 Na2+ 15. Kb1 Nxc3+ 16. bxc3 a4 17. Bb6 Qxc3 18. Bc4 Rfc8 19. Rc1 Rxc4 20. bxc4 Qxa3 21. Qb2 Qd3+ 22. Qc2 Qa3 23. Qb2 Qd3+ 24. Ka2 d5 25. Rc3 a3 26. Qc1 Qe2+ 27. Rc2 1-0

[Event "CCT Play-in Chessable Masters 2024"]
[Site "Online"]
[Date "2024.01.31"]
[Round "6"]
[White "Alonso Rosell, Alvar"]
[Black "Raja Rithvik R"]
[Result "0-1"]
[WhiteElo "2562"]
[BlackElo "2522"]
[Annotator "RC"]
[PlyCount "80"]
[EventDate "2024.01.26"]
[EventType "swiss"]
[EventCountry "NET"]
[SourceTitle "playchess.com"]
[Source "ChessBase"]
[SourceQuality "1"]

1. d4 Nf6 2. c4 e6 3. Nf3 d5 4. g3 dxc4 5. Bg2 c6 6. O-O b5 7. Ne5 Bb7 8. b3 cxb3 9. Qxb3 Be7 10. Rd1 O-O 11. Ba3 Nfd7 12. Nd3 a5 13. Bxe7 Qxe7 14. Nc3 Ra7 15. Rac1 Na6 16. Ne4 Rc8 17. Ndc5 Ndxc5 18. dxc5 Nb4 19. Nd6 Rb8 20. a3 Nd5 21. e4 Nf6 22. g4 e5 23. Qg3 Bc8 24. Bf3 Be6 25. g5 Nd7 26. Nf5 Qf8 27. Rd6 b4 28. axb4 axb4 29. Bd1 Ra3 30. Qh4 Bxf5 31. exf5 Nxc5 32. g6 Qxd6 33. Qxh7+ Kf8 34. f6 Qxf6 35. Qh8+ Ke7 36. Qxb8 Qg5+ 37. Bg4 Qxc1+ 38. Kg2 Qc4 39. Qxe5+ Ne6 40. h3 Qd5+ 0-1

[Event "CCT Play-in Chessable Masters 2024"]
[Site "Online"]
[Date "2024.01.31"]
[Round "6"]
[White "chessdjw"]
[Black "Aditya Mittal"]
[Result "0-1"]
[WhiteElo "2559"]
[BlackElo "2588"]
[Annotator "RC"]
[PlyCount "94"]
[EventDate "2024.01.26"]
[EventType "swiss"]
[EventCountry "NET"]
[SourceTitle "playchess.com"]
[Source "ChessBase"]
[SourceQuality "1"]

1. d4 Nf6 2. Nf3 d5 3. c4 e6 4. g3 dxc4 5. Bg2 Nc6 6. Qa4 Bb4+ 7. Bd2 Nd5 8. Bxb4 Ndxb4 9. O-O Rb8 10. Na3 O-O 11. Qb5 b6 12. Qxc4 Ba6 13. Nb5 Qd5 14. Qxd5 Nxd5 15. a4 Bb7 16. Ne5 Nxe5 17. dxe5 a6 18. Na3 Rfd8 19. Rac1 c5 20. Rfd1 Kf8 21. a5 bxa5 22. Rxc5 a4 23. Nc4 Rdc8 24. Rxc8+ Bxc8 25. e4 Nc7 26. Rd8+ Ke7 27. Rh8 Ne8 28. Bf1 Bd7 29. Rxh7 Rb4 30. Rh8 Bb5 31. Nd6 Nxd6 32. exd6+ Kxd6 33. Rd8+ Kc5 34. Rd2 Rxe4 35. Kg2 Rd4 36. Rc2+ Kb4 37. Bxb5 axb5 38. h4 Kb3 39. Re2 Rc4 40. h5 b4 41. Re5 Kxb2 42. Rg5 a3 43. Rxg7 a2 44. h6 a1=Q 45. h7 Qa8+ 46. Kh2 Rc1 47. Rg8 Qh1# 0-1

[Event "CCT Play-in Chessable Masters 2024"]
[Site "Online"]
[Date "2024.01.31"]
[Round "6"]
[White "Muradli, Mahammad"]
[Black "Pakleza, Zbigniew"]
[Result "1/2-1/2"]
[WhiteElo "2555"]
[BlackElo "2482"]
[Annotator "RC"]
[PlyCount "142"]
[EventDate "2024.01.26"]
[EventType "swiss"]
[EventCountry "NET"]
[SourceTitle "playchess.com"]
[Source "ChessBase"]
[SourceQuality "1"]

1. Nf3 d5 2. d4 Bf5 3. c4 e6 4. Nc3 c6 5. Bf4 Qb6 6. Qc1 Nf6 7. e3 Be7 8. Be2 O-O 9. O-O Nbd7 10. c5 Qd8 11. h3 Re8 12. b4 a6 13. a4 Ne4 14. b5 Bf6 15. Nxe4 Bxe4 16. Bd6 e5 17. Rd1 exd4 18. Nxd4 Bxd4 19. Rxd4 Nf8 20. Rd1 Ng6 21. Bg3 Qg5 22. Kh2 h5 23. f3 h4 24. Bf2 Bf5 25. bxc6 bxc6 26. a5 Re6 27. Bf1 Qe7 28. Ra4 Rb8 29. Kh1 Qa7 30. Qc3 Re7 31. Rb4 Rxb4 32. Qxb4 Rb7 33. Qd4 Be6 34. Qc3 Rb8 35. Kg1 Bc8 36. e4 Be6 37. exd5 Bxd5 38. Rxd5 cxd5 39. c6 Qc7 40. Bb6 Rxb6 41. axb6 Qxb6+ 42. Kh1 Qb1 43. Kg1 Qb6+ 44. Kh1 Qb1 45. c7 Qxf1+ 46. Kh2 Ne7 47. Qe5 Qc4 48. Qxe7 Qf4+ 49. Kh1 Qc1+ 50. Kh2 Qf4+ 51. Kg1 Qc1+ 52. Kf2 Qc2+ 53. Ke3 Qc1+ 54. Kd4 Qc4+ 55. Ke5 Kh7 56. Qd7 Qc3+ 57. Kd6 Qb4+ 58. Ke5 Qc3+ 59. Kf5 Qd3+ 60. Kg4 Qc4+ 61. f4 Qe2+ 62. Kxh4 Qf2+ 63. g3 Qd4 64. c8=Q Qf6+ 65. Kg4 Qg6+ 66. Kh4 Qh6+ 67. Kg4 Qg6+ 68. Kf3 Qd3+ 69. Kf2 Qd2+ 70. Kf3 Qd3+ 71. Kg4 Qg6+ 1/2-1/2

[Event "CCT Play-in Chessable Masters 2024"]
[Site "Online"]
[Date "2024.01.31"]
[Round "6"]
[White "Dragun, Kamil"]
[Black "igorkovalenko"]
[Result "1-0"]
[WhiteElo "2553"]
[BlackElo "2607"]
[Annotator "RC"]
[PlyCount "91"]
[EventDate "2024.01.26"]
[EventType "swiss"]
[EventCountry "NET"]
[SourceTitle "playchess.com"]
[Source "ChessBase"]
[SourceQuality "1"]

1. d4 Nf6 2. c4 e6 3. Nc3 Bb4 4. e3 c5 5. Bd3 Bxc3+ 6. bxc3 d6 7. Ne2 e5 8. e4 Nc6 9. d5 Ne7 10. O-O Ng6 11. a4 Qe7 12. a5 h6 13. Qb3 O-O 14. f3 Nh5 15. g3 Bh3 16. Rf2 Rae8 17. Be3 f5 18. exf5 e4 19. Bxe4 Bxf5 20. Bxf5 Rxf5 21. Bd2 Ne5 22. f4 Nd3 23. Rg2 Rf7 24. Rf1 Qe4 25. Nc1 Nxc1 26. Bxc1 Nf6 27. a6 bxa6 28. Qa4 a5 29. Qb5 Rfe7 30. Qa6 Qd3 31. Rd2 Qe3+ 32. Rdf2 Qd3 33. Rd2 Qxc3 34. Rdf2 Ng4 35. Bb2 Qd3 36. Qxd6 Nxf2 37. Rxf2 Re1+ 38. Kg2 Qe4+ 39. Kh3 Qf5+ 40. Kg2 R8e2 41. Qxc5 Qc2 42. Bd4 Qe4+ 43. Kh3 Qf5+ 44. Kg2 Kh7 45. Qxa7 Rxf2+ 46. Kxf2 1-0

[Event "CCT Play-in Chessable Masters 2024"]
[Site "Online"]
[Date "2024.01.31"]
[Round "6"]
[White "Bosiocic, Marin"]
[Black "TomsKantans"]
[Result "1-0"]
[WhiteElo "2549"]
[BlackElo "2410"]
[Annotator "RC"]
[PlyCount "101"]
[EventDate "2024.01.26"]
[EventType "swiss"]
[EventCountry "NET"]
[SourceTitle "playchess.com"]
[Source "ChessBase"]
[SourceQuality "1"]

1. Nf3 c5 2. c4 Nc6 3. Nc3 g6 4. e3 Nf6 5. d4 cxd4 6. exd4 d5 7. cxd5 Nxd5 8. Qb3 Nxc3 9. Bc4 Nd5 10. Bxd5 e6 11. Bxc6+ bxc6 12. O-O Qb6 13. Qc3 Bg7 14. Ne5 O-O 15. Be3 Ba6 16. Rfc1 Rfc8 17. Nd7 Qc7 18. Nc5 Bb7 19. Re1 Rd8 20. g3 a5 21. Bf4 Qb6 22. Be5 Rd5 23. Bxg7 Kxg7 24. Re5 Rad8 25. Rxd5 Rxd5 26. Re1 Bc8 27. Re5 Qd8 28. Rxd5 cxd5 29. f4 g5 30. Qe3 h6 31. Kf2 Qb6 32. b3 f6 33. h4 gxh4 34. gxh4 Qb4 35. h5 Qa3 36. Qd2 e5 37. fxe5 fxe5 38. Ke3 e4 39. Qg2+ Kf7 40. Qf1+ Ke7 41. Qg1 Kf8 42. Qf2+ Ke8 43. Qc2 Qb4 44. Nd3 Qb7 45. Ne5 Be6 46. Qg2 Qc7 47. Kd2 Qh7 48. Qf1 Qf5 49. Qb5+ Kf8 50. Qb8+ Kg7 51. Qc7+ 1-0